000 00458nam a22001337a 4500
005 20241023094016.0
008 241023b |||||||| |||| 00| 0 eng d
100 _aSalonga, Day.
_eauthor.
_963370
245 _aChef by Day :
_bharissa plaza /
_cDay Salonga.
260 _aPhilippines;
_bPhilippine Graphic Publishing Inc.,
_cFebruary 2020.
300 _aVolume 20, pages 12-15,
_billustration.
700 _aSalonga, Day.
_eauthor.
_963371
942 _2ddc
_cPER
999 _c22843
_d22843